00473cam a22001217a 4500008004000000082001900040245010100059260003900160300001200199700003000211999001900241952009100260180718b1956 xxu||||| |||| 00| 0 eng d aO096x54 In2a/4 aSummary proceeding of the fourth meeting of the central council of healthcby Ministry of Health aNew DelhibPresident's Pressc1956 av, 104p aIndia. Ministry of Health c495400d495400 00104070aIIPAbIIPAd2018-08-04oO096x54 In2a/4pGR1800r2018-08-04w2018-08-04yGR